000
00253nam a2200109Ia 4500
008
220204s9999 xx 000 0 und d
082
_a
331.1
_b
OHI
100
_a
OHIGGINS, Paul
245
0
_a
Workers' rights
260
_a
London
_b
Arrow
_c
1976
942
_c
BK
999
_c
32811
_d
32811